000 00496nam a2200169 i 4500
001 117379
003 ES-MaACL
005 20230906190906.0
007 t|
008 070302s1930 sp r ||||1| spa d
100 1 _aPanferof, F.
_988770
245 1 0 _aBrusski
_b: novela /
_cF. Panferof ; traducción de Fernando Osorio.
260 _aMadrid :
_bHoy,
_c1930
_c, Comp. Gral. de Artes Gráficas.
300 _a364 p. ;
_c19 cm.
700 1 _aOsorio, Fernando.
_987766
852 _aES-MaACL
_jA-939
999 _c117379
_d117379